000 00540nam a2200205 a 4500
005 20210219153032.0
008 991125n 000 0 spa u
035 _aUPN01000073941
100 _aQUITANA CABAÑAS, Jose Maria
222 _aREVISTA DE CIENCIAS DE LA EDUCACION
245 _aEducación moral y valores
300 _a281-292
362 _a1996 No. 166, abril.-jun.
653 0 _aAXIOLOGIA EDUCATIVA
653 0 _aEDUCACION MORAL
653 0 _aETICA
653 0 _aVALORES
904 _aAC
_b011752
905 _aArticulo
999 _c66660
_d66660